header

Developing psychodynamic counselling (Record no. 200587)

MARC details
000 -LEADER
fixed length control field 01319nam a2200349Ia 4500
100 1# - MAIN ENTRY--AUTHOR NAME
Personal name McLoughlin, Brendan.
245 10 - TITLE STATEMENT
Title Developing psychodynamic counselling
260 ## - PUBLICATION, DISTRIBUTION, ETC. (IMPRINT)
Place of publication Los Angeles :
Name of publisher Sage Publications,
Year of publication 2008, c1995.
300 ## - PHYSICAL DESCRIPTION
Number of Pages xiv, 118 p.
490 1# - SERIES STATEMENT
Series statement Developing counselling
650 #0 - SUBJECT ADDED ENTRY--TOPICAL TERM
Topical Term Psychoanalytic counseling.
Topical Term Psychodynamic psychotherapy.
856 40 - ELECTRONIC LOCATION AND ACCESS
Uniform Resource Identifier http://site.ebrary.com/lib/rucke/Doc?id=10567160

No items available.

© 2026 Rongo University
Contact us: librarian | system librarian | Rongo university